Das brennende Haus : Gedichte /

Bibliographic Details
Main Author: Herburger, Günter
Format: Book
Language:German
Published: Frankfurt am Main : Luchterhand, [1990]

MARC

Tag First Indicator Second Indicator Subfields
LEADER 00000cam a2200000 a 4500
001 in00000946721
005 20150925134958.0
008 900621s1990 gw 00010 ger d
019 |a 21881442 
020 |a 3630867294 
035 |a (OCoLC)21894438 
035 |9 AES5512AM 
040 |a RCE  |c RCE  |d OCL  |d UtOrBLW 
049 |a TXAM 
090 |a PT2668.E7  |b B7 1990 
100 1 |a Herburger, Günter. 
245 1 4 |a Das brennende Haus :  |b Gedichte /  |c Günter Herburger. 
264 1 |a Frankfurt am Main :  |b Luchterhand,  |c [1990] 
264 4 |c ©1990 
300 |a 136 pages ;  |c 21 cm. 
336 |a text  |b txt  |2 rdacontent 
337 |a unmediated  |b n  |2 rdamedia 
338 |a volume  |b nc  |2 rdacarrier 
500 |a Limited edition of 1000 copies. 
999 |a MARS 
999 f f |s 8a3589c6-46e8-3cd5-95f7-38777271e58b  |i 234c8a51-5958-343a-bc6d-8ff9c3dbf13d  |t 0 
952 f f |p ric  |a Texas A&M University  |b Rellis Campus  |c Joint Library Facility  |d Remote Storage  |t 0  |e PT2668.E7 B7 1990  |h Library of Congress classification  |i unmediated -- volume  |m A14815254352 
998 f f |a PT2668.E7 B7 1990  |t 0  |l Remote Storage